ANATOMY RESEARCH INTERNATIONAL (Record no. 8793)
[ view plain ]
| 000 -LEADER | |
|---|---|
| fixed length control field | 00231nam a22001097a 4500 |
| 003 - CONTROL NUMBER IDENTIFIER | |
| control field | SGT |
| 022 ## - INTERNATIONAL STANDARD SERIAL NUMBER | |
| International Standard Serial Number | 2090-2743 |
| 245 ## - TITLE STATEMENT | |
| Title | ANATOMY RESEARCH INTERNATIONAL |
| 260 ## - PUBLICATION, DISTRIBUTION, ETC. (IMPRINT) | |
| Place of publication, distribution, etc | INDIA |
| Name of publisher, distributor, etc | HINDAWI PUB. |
| Year of Publication | 2015 |
| 310 ## - CURRENT PUBLICATION FREQUENCY | |
| Current publication frequency | YEARLY |
| 942 ## - ADDED ENTRY ELEMENTS (KOHA) | |
| Source of classification or shelving scheme | Dewey Decimal Classification |
| Koha item type | Loose Journals |
| Withdrawn status | Lost status | Source of classification or shelving scheme | Damaged status | Not for loan | Home library | Current library | Shelving location | Date acquired | Volume Information (Serial or Books or Non-Book Material) | SGTU | Bill Number | Total Checkouts | Date last seen | Bill Date | Koha item type |
|---|---|---|---|---|---|---|---|---|---|---|---|---|---|---|---|
| Dewey Decimal Classification | SGT Medical Library | SGT Medical Library | Reference Book | 05/05/2016 | VOLUME - 2015 | SGTU | ISS/SGT/15/02 | 05/05/2016 | 19/03/2015 | Loose Journals |